| 000 | 01123nam a2200229 a 4500 | ||
|---|---|---|---|
| 008 | 080924s2006 ||||||||||||||||| || u | ||
| 020 | _a0256239525 | ||
| 050 | _aHD 30.4 Coo | ||
| 100 | _aSchindler, Pamela S | ||
| 245 | 1 | 0 |
_aBusiness research methods. -- 9th ed _cDonal R. Cooper; Pamela S Schindler |
| 250 | _a9th ed. | ||
| 260 |
_aNew Delhi _bTata McGraw-Hill _c2006 |
||
| 300 | _axxiii, 757p. : ill. | ||
| 350 | _a0.00 | ||
| 500 | _aAccompanied by a CD-ROM (see CBU Reference Librarian) | ||
| 650 | 0 | _aBUSINESS | |
| 650 | _aINDUSTRIAL MANAGEMENT--RESEARCH | ||
| 700 | _aCooper, Donald R | ||
| 995 |
_aMAIN LIBRARY OPEN ACCESS _D0.00 _e738267 _FCBU-MAIN LIBRARY (Kitwe) _H1 _I0.00 _jHD 30.4 COO _M2 _UAVAILABLE _WSep 24, 2008 _y738267 _ZMain Library Open Access Collection |
||
| 995 |
_aMAIN LIBRARY OPEN ACCESS _D0.00 _e738266 _FCBU-MAIN LIBRARY (Kitwe) _H1 _I0.00 _jHD 30.4 COO _M1 _UAVAILABLE _WSep 24, 2008 _y738266 _ZMain Library Open Access Collection |
||
| 995 |
_aMAIN LIBRARY OPEN ACCESS _D0.00 _e741207 _FCBU-MAIN LIBRARY (Kitwe) _H1 _I0.00 _jHD 30.4 COO _M3 _UAVAILABLE _WMay 5, 2010 _y741207 _ZMain Library Open Access Collection |
||
| 999 |
_c77950 _d77950 |
||